| 000 | 00435nam a2200157Ia 4500 | ||
|---|---|---|---|
| 008 | 151213s9999 xx 000 0 und d | ||
| 082 |
_a333.9 _b333.9 |
||
| 100 | _aHadded, B.M. | ||
| 245 |
_aRivers of gold _bDesigning markets to allocate water in California _cHadded, B.M. |
||
| 260 |
_aWasington _bIsland Pess _c2000 |
||
| 300 | _a1770 p. | ||
| 650 | _aEconomics | ||
| 650 | _aEconomics | ||
| 700 | _aHadded, B.M. | ||
| 999 |
_c1301 _d1301 |
||